Rintihan

Bibliographic Details
Main Author: Sarah Samat
Format: Book
Published: Kuala Lumpur : DBP , 1991
Subjects:

MARC

LEADER 00000cam a2200000 7i4500
001 0000006466
002 000006978
005 20000330.0
020 |a 9836220321 
090 0 0 |a YF   |b SAR 
100 0 |a Sarah Samat 
245 1 0 |a Rintihan   |c Sarah Samat 
260 |a Kuala Lumpur :   |b DBP ,   |c 1991 
300 |a 137p. ;   |c 18cm. 
650 0 0 |a Malay fiction 
999 |a 039493   |b BUKU   |c PINJAMAN   |e PERPUSTAKAAN KOMUNITI PETALING JAYA 
999 |a 039494   |b BUKU   |c PINJAMAN   |e PERPUSTAKAAN KOMUNITI PETALING JAYA 
999 |a 039809   |b BUKU   |c PINJAMAN   |e PERPUSTAKAAN KOMUNITI PETALING JAYA 
999 |a 039810   |b BUKU   |c YOUTH FICTION   |e PERPUSTAKAAN KOMUNITI PETALING JAYA